Apocalissi queer : elementi di teoria antisociale /
I tiakina i:
| Kaituhi matua: | |
|---|---|
| Hōputu: | Pukapuka |
| Reo: | Itāriana |
| I whakaputaina: |
Pisa :
ETS,
2018
|
| Putanga: | 2. ed |
| Rangatū: | Àltera ;
8 |
| Ngā marau: | |
| Ngā Tūtohu: |
Kāore He Tūtohu, Me noho koe te mea tuatahi ki te tūtohu i tēnei pūkete!
|
MARC
| LEADER | 00000nam a2200000 i 4500 | ||
|---|---|---|---|
| 001 | IT\ICCU\CFI\0991395 | ||
| 003 | ItRI | ||
| 005 | 20260319161719.0 | ||
| 008 | 181102s2018 it |||||| ||||| |||||c | ||
| 015 | |2 IT |a 2018-13377 | ||
| 020 | |a 9788846752901 | ||
| 040 | |b ita |c Arcigay Catania | ||
| 041 | 7 | |a ita |2 ISO-639-2 | |
| 082 | |a 306.768 |2 23 | ||
| 100 | 1 | |a Bernini, Lorenzo, |d (1973- ) |0 IT\ICCU\MODV\628040 |4 aut | |
| 240 | 1 | 0 | |a Apocalissi queer. |9 Bernini, Lorenzo <1973- > |
| 245 | 1 | 0 | |a Apocalissi queer : |b elementi di teoria antisociale / |c Lorenzo Bernini. |
| 250 | |a 2. ed | ||
| 260 | |a Pisa : |b ETS, |c 2018 | ||
| 300 | |a 286 p. : |b ill. ; |c 21 cm | ||
| 650 | 7 | |a Transessualismo | |
| 830 | 0 | |a Àltera ; |v 8 |0 IT\ICCU\CFI\0755998 | |
| 942 | |2 ddc |c BK |n 0 | ||
| 952 | |0 0 |1 0 |2 ddc |4 0 |6 306_768000000000000_BER_APO |7 0 |9 33310 |a CT |b CT |d 2026-03-19 |l 0 |o 306.768 ber apo |p 11836 |r 2026-03-19 16:17:43 |w 2026-03-19 |y BK | ||
| 981 | 1 | |6 z01 |a i |b xxxe | |
| 982 | 1 | |6 z01 |a n | |
| 999 | |c 28926 |d 28926 | ||